The impact of landownership security (Record no. 8094)

000 -LEADER
fixed length control field 00431pab a2200157 454500
008 - FIXED-LENGTH DATA ELEMENTS--GENERAL INFORMATION
fixed length control field 180718b1988 xxu||||| |||| 00| 0 eng d
100 ## - MAIN ENTRY--PERSONAL NAME
Personal name Chalamwong, Yongyuth
245 ## - TITLE STATEMENT
Title The impact of landownership security
Remainder of title Theory and evidence from Thailand
260 ## - PUBLICATION, DISTRIBUTION, ETC.
Date of publication, distribution, etc. 1988
300 ## - PHYSICAL DESCRIPTION
Extent 187-204
362 ## - DATES OF PUBLICATION AND/OR SEQUENTIAL DESIGNATION
Dates of publication and/or sequential designation May
650 ## - SUBJECT ADDED ENTRY--TOPICAL TERM
Topical term or geographic name entry element Farm Ownership - Thailand
700 ## - ADDED ENTRY--PERSONAL NAME
Personal name Gershon Feder
773 ## - HOST ITEM ENTRY
Main entry heading World Bank Economic Review
909 ## -
-- 8094
Holdings
Withdrawn status Lost status Damaged status Not for loan Permanent Location Current Location Date acquired Serial Enumeration / chronology Barcode Date last seen Price effective from Koha item type
        Indian Institute of Public Administration Indian Institute of Public Administration 2018-07-19 Volume no: 2, Issue no: 2 AR8107 2018-07-19 2018-07-19 Articles

Powered by Koha